Religion and state in Iran, 1785-1906 : (Record no. 21615)

MARC details
000 -LEADER
fixed length control field 01105cam a2200301 4500
001 - CONTROL NUMBER
control field 1715949
003 - CONTROL NUMBER IDENTIFIER
control field BDDh-ASL
005 - DATE AND TIME OF LATEST TRANSACTION
control field 20231015030022.0
008 - FIXED-LENGTH DATA ELEMENTS--GENERAL INFORMATION
fixed length control field 700303s1969 cau b 001 0 eng
010 ## - LIBRARY OF CONGRESS CONTROL NUMBER
LC control number 72079959
020 ## - INTERNATIONAL STANDARD BOOK NUMBER
International Standard Book Number 0520013867
040 ## - CATALOGING SOURCE
Original cataloging agency DLC
Transcribing agency DLC
Modifying agency DLC
-- WaU
-- BDDh-ASL
050 00 - LIBRARY OF CONGRESS CALL NUMBER
Classification number DS299
Item number .A45 1969
082 00 - DEWEY DECIMAL CLASSIFICATION NUMBER
Classification number 955.297
Item number ALR
100 1# - MAIN ENTRY--PERSONAL NAME
Personal name Algar, Hamid.
245 10 - TITLE STATEMENT
Title Religion and state in Iran, 1785-1906 :
Remainder of title the role of the ulama in the Qajar period /
260 ## - PUBLICATION, DISTRIBUTION, ETC.
Place of publication, distribution, etc. Berkeley:
Name of publisher, distributor, etc. University of California Press,
Date of publication, distribution, etc. 1969.
300 ## - PHYSICAL DESCRIPTION
Extent xviii, 286 p. :
Dimensions 24 cm.
350 ## - PRICE (NR) (BK AM CF MU VM SE) [OBSOLETE]
Price 9.50
500 ## - GENERAL NOTE
General note Revised version of the author's thesis, University of Cambridge, 1965.
500 ## - GENERAL NOTE
General note "Published under the auspices of the Near Eastern Center, University of California, Los Angeles."
504 ## - BIBLIOGRAPHY, ETC. NOTE
Bibliography, etc. note Bibliography: p. 267-277.
650 #0 - SUBJECT ADDED ENTRY--TOPICAL TERM
Topical term or geographic name entry element Clergy
General subdivision Political activity
Geographic subdivision Iran.
651 #0 - SUBJECT ADDED ENTRY--GEOGRAPHIC NAME
Geographic name Iran
General subdivision History
Chronological subdivision Qajar dynasty, 1794-1925.
710 2# - ADDED ENTRY--CORPORATE NAME
Corporate name or jurisdiction name as entry element Gustave E. von Grunebaum Center for Near Eastern Studies.
906 ## - LOCAL DATA ELEMENT F, LDF (RLIN)
a 7
b cbc
c orignew
d u
e ncip
f 19
g y-gencatlg
942 ## - ADDED ENTRY ELEMENTS (KOHA)
Source of classification or shelving scheme Dewey Decimal Classification
Koha item type Books
Holdings
Withdrawn status Lost status Source of classification or shelving scheme Damaged status Not for loan Collection code Home library Current library Shelving location Date acquired Source of acquisition Total Checkouts Full call number Barcode Date last seen Copy number Price effective from Koha item type Public note
    Dewey Decimal Classification     Non-fiction Asiatic Society Library Asiatic Society Library General Stacks 02/08/2021 ASB Library Collections   955.297 ALR 105460 02/08/2021 C-1 02/08/2021 Books RARE

Powered by Koha